Metodická část přípravy pedagogických pracovníků v oblasti výchovy mimo vyučování

Bibliographic Details
Main Authors: Hvězdová, Alena (Author), Macek, J. (Author)
Format: Article
Language:Slovak
Czech
Subjects:

MARC

LEADER 00000nab a2200000 a 4500
001 vtls000181546
003 SK-MaSNL
005 20260304063510.0
008 250422c1984 xo 0 slo
015 |a SNBRB19rr/mm-uuuuu 
035 |a CL0191659 
035 |a urn:nbn:sk:snk-abczzf 
035 |a (urnnbn)urn:nbn:sk:snk:ar-007cym 
035 |a (uuid)a5517b51-943d-4b55-ada4-238322bcfc3d 
040 |a SNKBUCL  |b slo  |c SNKBUCL  |e AACR2 
041 0 |a cze 
044 |a xo  |c SK 
080 |a 371.14  |2 1981 
080 |a 374.1  |2 1981 
080 |a 37.02  |2 1981 
100 1 |a Hvězdová, Alena  |4 aut  |9 726699 
245 1 0 |a Metodická část přípravy pedagogických pracovníků v oblasti výchovy mimo vyučování  |c A. Hvězdová, J. Macek 
650 0 7 |a vychovávatelia  |2 snkbucl  |9 20275 
650 0 7 |a výchova mimo vyučovania  |2 snkbucl  |9 872201 
655 7 |a články z novín a časopisov  |2 snkbucl  |9 267496 
700 1 |a Macek, J.  |4 aut  |9 1127420 
773 0 |t Vychovávateľ  |g Roč. 28, č. 7 (1983/1984), s. 15-18 
850 |a Slovenská národná knižnica 
852 |a Slovenská národná knižnica 
958 |a article17 
958 |a OND 
958 |a RK 
958 |a CZ 
958 |a EUIPO 
992 |a RBX 
999 |c 2742847  |d 2744777